| 000 | 00544nam a22001817a 4500 | ||
|---|---|---|---|
| 003 | 0 | ||
| 005 | 20230616133542.0 | ||
| 008 | 230616b xxu||||| |||| 00| 0 eng d | ||
| 020 | _a971-630-094-8 | ||
| 082 |
_aFil. 899.2113 _b.Gi492 1998 |
||
| 245 | _aAng gintong habihan: mga kwentong premyado ng Palanca | ||
| 260 |
_aMakati City _bTahanan Book for Young Readers _cC1998 |
||
| 300 |
_a70pp _bill. _c23cm. |
||
| 500 | _aShort stories, Filipino. | ||
| 500 | _aPalanca Awards. | ||
| 500 | _aLiterary-prizes-Philippines. | ||
| 942 |
_2ddc _cBK |
||
| 999 |
_c364983 _d364983 |
||